000 00462 a2200133 4500
001 ART_52489
005 20260410161633.0
008 260409a
245 1 0 _aInformación sobre sostenibilidad: el documento de consulta de la International Financial Reporting Standards Foundation
100 1 _aGeba, Norma Beatriz
700 1 _aBifaretti, Marcela Claudia
700 1 _aLonghi, Paula Ana
773 0 _tEnfoques
_g- N°4 (abr. 2021)
_wREV416
999 _c12641
_d12641